00385nam a2200133Ia 450000500170000000800410001702000230005804000090008108200220009010000260011224500490013826000440018730000200023120230803122116.0220701s9999 xx 000 0 und d a9781920480370qpbk c3228 aJ 968.065092 BEHA aBeharilal, Manichand  0aThembi and Themba learn about Nelson Mandela aZakariyya Park:bMBLS Publishing,c2014 a31 Pagesc21 cm